Statistics for Noah Kahan - The View Between Villages (Extended) Lyrics

Click here to take the quiz!

General Stats

  • This quiz has been taken 52 times
  • The average score is 246 of 292

Answer Stats

Answer% Correct
a
100%
A
100%
I
100%
in
98%
The
98%
the
98%
And
95%
and
95%
I'm
95%
my
95%
road
93%
Road
93%
between
91%
for
91%
For
91%
it
91%
me
91%
of
91%
their
91%
Their
91%
They
91%
villages
91%
again
88%
Air
88%
all
88%
but
88%
feel
88%
Feel
88%
ha
88%
home
88%
it's
88%
It's
88%
not
88%
simple
88%
still
88%
that
88%
wheel
88%
Alger
86%
am
86%
back
86%
Brook
86%
death
86%
dreams
86%
everything's
86%
got
86%
grippin'
86%
happy
86%
is
86%
I've
86%
last
86%
lungs
86%
mile
86%
minute
86%
or
86%
over
86%
rush
86%
scared
86%
seventeen
86%
so
86%
angry
84%
begins
84%
blood
84%
bugs
84%
city
84%
dog
84%
down
84%
far
84%
from
84%
girl
84%
here
84%
just
84%
knew
84%
leave
84%
lost
84%
people
84%
surrounded
84%
things
84%
two
84%
valley
84%
washin'
84%
world
84%
As
81%
bridge
81%
curve
81%
homes
81%
middle
81%
on
81%
seemed
81%
skin
81%
splittin'
81%
stretch
81%
to
81%
"When
81%
car's
79%
oh
79%
Oh
79%
past
79%
reverse
79%
there
79%
'til
79%
earth
77%
mean
77%
meanin'
77%
Passed
77%
graveyard
74%
are
72%
community
72%
Well
72%
Ah
70%
ah
70%
arms
70%
ghosts
70%
at
67%
big
67%
driving
67%
out
67%
small
67%
town
67%
any
65%
by
65%
enough
65%
eyes
65%
has
65%
look
65%
meaning
65%
personally
65%
want
65%
close
63%
each
63%
found
63%
guess
63%
means"
63%
other
63%
start
63%
"Strafford
63%
that's
63%
up
63%
anything
60%
grew
60%
help"
60%
lot
60%
anybody
58%
extended
58%
Left
58%
needs
58%
really
58%
same
58%
uh
58%
Because
56%
this
56%
This
56%
way
56%
with
56%
Woah
49%

Score Distribution

Percentile by Number Answered

Percent of People with Each Score

Your Score History

You have not taken this quiz